000 00800nam a2200277Ia 4500
008 160803s9999 xx 000 0 und d
020 _a978-0756921705
100 _aDadey, Debbie
245 _aFrankenstein doesn't start food fights /
245 _cby Debbie Dadey and Marcia Thornton Jones ; illustrated by John Steven Gurney.
260 _aNew York :
260 _bScholastic Inc.
260 _c2003
300 _a64 pages :
300 _billustrations ;
300 _c20 cm.
650 _aFrankenstein, Victor (Fictitious character) --
650 _aMonsters --
650 _amystery and detective stories.
650 _aSchool stories.
650 _aSchools --
650 _xFiction.
650 _xJuvenile fiction.
650 _xJuvenile fiction.
700 _a550
999 _c298549
_d298549